000 00486nam a2200181 a 4500
001 1770453313704
003 YourLibrary
005 20260207140846.0
008 260207s1993##################000#0#eng##
020 _a9781852785796
082 0 4 _a330.12
_bMIN
100 1 _aMincer, Jacob,
_eauthor.
245 1 0 _aStudies in Human Capital :
260 _bEdward Elgar Publishing,
_c1993.
650 0 _aBusiness & Economics.
942 _cENGLISH
040 _aYourLibrary
_beng
_cYourLibrary
999 _c611123
_d611123